[Event "St Petersburg Korchnoi Memorial op"]
[Site "St Petersburg"]
[Date "2018.08.20"]
[Round "6"]
[White "Turetsky, Mark"]
[Black "Voskresenskaya, Marta"]
[Result "0-1"]
[WhiteElo "1520"]
[BlackElo "1963"]
[PlyCount "106"]
[EventDate "2018.08.15"]
[EventType "swiss"]
[EventRounds "9"]
[EventCountry "RUS"]
[SourceTitle "CBM 186 Extra"]
[Source "ChessBase"]
[SourceDate "2018.08.24"]
[SourceVersion "1"]
[SourceVersionDate "2018.08.24"]
[SourceQuality "1"]

1. c4 c6 2. d4 d5 3. e3 e6 4. a3 Nf6 5. Nc3 Nbd7 6. Nf3 Be7 7. Bd3 0-0 8. 0-0 dxc4 9. Bxc4 b5 10. Bd3 a6 11. e4 c5 12. dxc5 Nxc5 13. Bc2 Bb7 14. e5 Qxd1 15. Bxd1 Nd5 16. Bd2 Rfd8 17. Nxd5 Bxd5 18. Bb4 a5 19. Bxc5 Bxc5 20. Be2 b4 21. a4 Rac8 22. Rfd1 Kf8 23. Rac1 Ke7 24. h3 Rc7 25. Kf1 Rdc8 26. Rd2 b3 27. Ne1 Bb4 28. Rxc7+ Rxc7 29. Rd1 Bxe1 30. Kxe1 Bxg2 31. h4 Bd5 32. Bd3 Rc5 33. Ke2 Bc6 34. f4 Bxa4 35. Ke3 Bd7 36. h5 h6 37. Rg1 Kf8 38. Rd1 a4 39. Bb1 Rc7 40. Be4 Be8 41. Bd3 g6 42. Rh1 gxh5 43. Rxh5 a3 44. bxa3 Kg7 45. Rh2 Ra7 46. Rb2 Rxa3 47. Kd2 Bc6 48. Kc3 Bd5 49. f5 h5 50. f6+ Kh6 51. Bf1 Ra2 52. Rxa2 bxa2 53. Kb2 Kg5 0-1

[Event "St Petersburg White Nights op"]
[Site "St Petersburg"]
[Date "2012.06.08"]
[Round "7"]
[White "Turetsky, Mark"]
[Black "Klobukov, Sergey"]
[Result "1-0"]
[WhiteElo "1665"]
[BlackElo "1976"]
[PlyCount "81"]
[EventDate "2012.06.02"]
[EventType "swiss"]
[EventRounds "9"]
[EventCountry "RUS"]
[SourceTitle "CBM 148 Extra"]
[Source "ChessBase"]
[SourceDate "2012.06.22"]
[SourceVersion "1"]
[SourceVersionDate "2012.06.22"]
[SourceQuality "1"]

1. d4 Nf6 2. c4 e6 3. Nc3 Bb4 4. Nf3 b6 5. g3 Bb7 6. Bg2 0-0 7. 0-0 Bxc3 8. bxc3 Ne4 9. Qc2 f5 10. Nd2 Nd6 11. Bxb7 Nxb7 12. Nf3 Nd6 13. Ba3 Nc6 14. c5 Nc4 15. Qb3 Nxa3 16. Qxa3 Qf6 17. cxb6 axb6 18. Qc1 h6 19. e3 Ra4 20. Rd1 Rfa8 21. Qc2 d6 22. Kg2 Ne7 23. Qd2 b5 24. Rdb1 c6 25. h4 Ra3 26. Qc1 e5 27. Qd2 Nd5 28. Rc1 R3a4 29. Rc2 Rf8 30. Qe2 Nb6 31. Nd2 f4 32. Qf3 Qg6 33. Rac1 fxe3 34. Qxe3 Rf4 35. Kh2 Nd5 36. Qe1 Rg4 37. f3 exd4 38. fxg4 Ne3 39. Rb2 Nxg4+ 40. Kh1 dxc3 41. Rxc3 1-0

[Event "St Petersburg Autumn op"]
[Site "St Petersburg"]
[Date "2011.10.29"]
[Round "2"]
[White "Grinblat, Artemiy"]
[Black "Turetsky, Mark"]
[Result "1-0"]
[WhiteElo "1912"]
[BlackElo "1682"]
[PlyCount "169"]
[EventDate "2011.10.28"]
[EventType "swiss"]
[EventRounds "9"]
[EventCountry "RUS"]
[SourceTitle "EXT 2013"]
[Source "ChessBase"]
[SourceDate "2012.11.22"]
[SourceVersion "1"]
[SourceVersionDate "2012.11.22"]
[SourceQuality "1"]

1. e4 c5 2. c3 e6 3. d4 d5 4. e5 Nc6 5. Nf3 cxd4 6. cxd4 Bb4+ 7. Nc3 Nge7 8. Bd3 Bd7 9. 0-0 h6 10. Be3 Bxc3 11. bxc3 Rc8 12. Rb1 Qc7 13. Qd2 a6 14. Qb2 b5 15. a4 Na7 16. Bd2 Rb8 17. Qa3 Bc6 18. Qc5 0-0 19. Bc1 Rfc8 20. Ba3 Ng6 21. Rfc1 Bd7 22. Qxc7 Rxc7 23. Bd6 Rcc8 24. Bxb8 Rxb8 25. c4 dxc4 26. Bxc4 Rc8 27. Bd3 Ne7 28. Rxc8+ Nexc8 29. Ne1 Nb6 30. axb5 Nxb5 31. Nc2 Nd5 32. Ra1 Ndc7 33. Nb4 Nxd4 34. Nxa6 Nd5 35. Nc5 Be8 36. g3 g6 37. Ne4 Nf3+ 38. Kg2 Nxe5 39. Be2 Kg7 40. f4 Nd7 41. Nd6 N7f6 42. Nxe8+ Nxe8 43. Kf3 Nef6 44. Ra7 h5 45. Ba6 Kf8 46. Bc4 Nc3 47. Rc7 Na4 48. Bb3 Nb6 49. Rb7 Nbd7 50. Ba4 Nc5 51. Ra7 Kg7 52. Ra5 Nxa4 53. Rxa4 Nd5 54. Ra7 Nf6 55. h3 Nd5 56. Ke4 Kf6 57. Rb7 Ne7 58. g4 hxg4 59. hxg4 Nd5 60. g5+ Kg7 61. Ke5 Ne3 62. Rc7 Nf5 63. Rd7 Ng3 64. Ra7 Nf5 65. Rb7 Ng3 66. Kd6 Nf5+ 67. Kd7 Kf8 68. Rb8+ Kg7 69. Rd8 Nh4 70. Ke8 Kg8 71. Ke7+ Kg7 72. Rd7 Nf3 73. Ke8 e5 74. Rxf7+ Kg8 75. fxe5 Nxe5 76. Rf6 Kg7 77. Ke7 Kh7 78. Rf7+ Kg8 79. Rf6 Kg7 80. Ke6 Nd3 81. Rf7+ Kg8 82. Kf6 Nf4 83. Rg7+ Kh8 84. Rxg6 Nh5+ 85. Kf7 1-0

[Event "St Petersburg White Nights op"]
[Site "St Petersburg"]
[Date "2007.07.02"]
[Round "8"]
[White "Gorelikov, Igor"]
[Black "Turetsky, Mark"]
[Result "1-0"]
[WhiteElo "1954"]
[BlackElo "1694"]
[PlyCount "122"]
[EventDate "2007.06.25"]
[EventType "swiss"]
[EventRounds "9"]
[EventCountry "RUS"]
[SourceTitle "CBM 119 Extra"]
[Source "ChessBase"]
[SourceDate "2007.09.04"]
[SourceVersion "1"]
[SourceVersionDate "2007.09.04"]
[SourceQuality "1"]

1. e4 c5 2. Nf3 d6 3. d4 cxd4 4. Nxd4 Nf6 5. Nc3 a6 6. Bc4 e6 7. Bb3 Be7 8. 0-0 Nc6 9. Nxc6 bxc6 10. Qf3 Qc7 11. Qg3 Nh5 12. Qg4 g6 13. Bh6 Bf6 14. Qf3 Bg7 15. Bxg7 Nxg7 16. Rad1 0-0 17. Qg3 Rd8 18. Rd3 Ra7 19. f4 Qb6+ 20. Kh1 Re7 21. Qg5 Ree8 22. Qh6 f5 23. Rh3 Kf7 24. exf5 gxf5 25. Rg3 Qd4 26. Qxh7 Qf6 27. Rxg7+ Qxg7 28. Qxf5+ Qf6 29. Qh5+ Ke7 30. Ne4 Qf7 31. Qh4+ Kd7 32. Nf6+ Kc7 33. Nxe8+ Rxe8 34. Qe1 Qh5 35. Qf2 Bb7 36. c3 c5 37. Bd1 Qh6 38. Qg3 Qh7 39. Bf3 Rg8 40. Qf2 Rh8 41. h3 Qf5 42. Qg3 Rh7 43. Bxb7 Kxb7 44. Qf3+ Kb6 45. b4 Rc7 46. Re1 Rf7 47. bxc5+ dxc5 48. Qe4 Qxe4 49. Rxe4 Rf6 50. g4 Rh6 51. Kg2 Kc6 52. g5 Rg6 53. h4 Kd5 54. h5 Rg8 55. Kf3 Kd6 56. Ra4 Ra8 57. h6 Ke7 58. h7 Kf7 59. Rxa6 Rh8 60. a4 Re8 61. a5 Re7 1-0